000 00812nam a2200205 i 4500
001 50608
003 ES-MaACL
005 20251115063234.0
007 t|
008 030805s1917 cu ||||1| spa d
100 0 _aChacón y Calvo, José María,
_d1893-1969
_937770
245 1 0 _aCervantes y el romancero
_b: conferencia pronunciada el 10 de diciembre de 1916 en el Ateneo de la Habana /
_cJosé María Chacón y Calvo.
260 _aHabana :
_b[s.n.],
_c1917 (
_fImp. "El Siglo XX")
300 _a36 p. ;
_c26 cm.
595 _aEn port.: Publicada en la revista de la "Facultad de Letras y Ciencias"
600 1 4 _aCervantes Saavedra, Miguel de,
_d1547-1616
_9226514
710 2 _aAteneo de La Habana (Cuba)
_91868
852 _aES-MaACL
_j1540-F-9
_z.- Ded. ms. del autor
999 _c50608
_d50608